000 00810cam a2200289 i 4500
001 768714001
003 CO-MdBIC
005 20231122104100.0
007 ta
008 231122t1976 -us||||| |||| 00| 0 eng d
020 _a0-87680-470-9
040 _bspa.
_aCO-MdFUSB
_cCO-MdFUSB
_dCO-MdFUSBC
_erda
041 _aeng
082 0 4 _aG 230.09 P193m
100 1 _aPanko, Stephen M.
245 1 0 _aMartin Buber / Stephen M. Panko
_c/
264 1 _aWaco, TX., USA : Word
_bWord Books, Publisher
_c[1976]
264 4 _c©1976
300 _a135 Pag
_c;
336 _atexto
_btxt
_2rdacontent
337 _2rdamedia
_asin mediación
_bn
338 _2rdacarrier
_avolumen
_bnc
650 1 2 _aPensamiento religioso
_9959
650 1 7 _aTeología dogmática
_2embne
_96945
_yS.XX
942 _cBK
945 _aJohan1477
999 _c34224
_d34224